| 000 | 00663nam a2200229 a 4500 | ||
|---|---|---|---|
| 005 | 20240925065151.0 | ||
| 008 | 020826s1983 es r 000 0 spa d | ||
| 020 | _a8420637513 | ||
| 035 | _aUPN01000132366 | ||
| 049 | _aCG | ||
| 050 | 4 |
_aHM131 _bC2.58a |
|
| 100 | 1 |
_aCanetti, Elias, _d1905-1994 |
|
| 245 | 1 | 0 |
_aMasa y poder / _cElías Canetti ; tr. Horst Vogel. |
| 260 |
_aBarcelona, Esp. : _bAlianza, _c1983. |
||
| 300 | _a589 p. | ||
| 440 | 0 |
_aHumanidades ; _v4418 |
|
| 534 |
_pTraducción de: _tMasse und macht |
||
| 650 | 2 |
_aGrupos sociales _97125 |
|
| 650 | 4 |
_aPsicología social _95889 |
|
| 650 | 4 |
_aPoder (Ciencias sociales) _91203 |
|
| 905 | _aLibro | ||
| 999 |
_c104521 _d104521 |
||